• AIU
  • Tony Wilmot Memorial Library

Lyago nipia lya kishekulu numuguni wiitu (Record no. 43650)

MARC details
000 -LEADER
fixed length control field 00569nam a22001811a 4500
020 ## - INTERNATIONAL STANDARD BOOK NUMBER
Terms of availability 0.00
040 ## - CATALOGING SOURCE
Original cataloging agency NEGST Library - Kenya
050 ## - LIBRARY OF CONGRESS CALL NUMBER
Classification number BS 325.I43 1967
245 ## - TITLE STATEMENT
Title Lyago nipia lya kishekulu numuguni wiitu
Medium [Text]
260 ## - PUBLICATION, DISTRIBUTION, ETC. (IMPRINT)
Place of publication, distribution, etc Nairobi
Name of publisher, distributor, etc The Bible Society of Eas
Date of publication, distribution, etc c1967
300 ## - PHYSICAL DESCRIPTION
Extent 535 p.;
500 ## - GENERAL NOTE
General note [Africana]
600 ## - SUBJECT ADDED ENTRY--PERSONAL NAME
Personal name Bible. N. T. Ilamba language - Texts
600 ## - SUBJECT ADDED ENTRY--PERSONAL NAME
Personal name Bible. N. T. Ilyamba language - Texts
600 ## - SUBJECT ADDED ENTRY--PERSONAL NAME
Personal name Ilamba language - Texts
852 ## - LOCATION/CALL NUMBER
-- 15.00
Holdings
Withdrawn status Lost status Source of classification or shelving scheme Damaged status Not for loan Collection code Home library Current library Shelving location Date acquired Source of acquisition Cost, normal purchase price Full call number Barcode Date last seen Copy number Price effective from Koha item type
    Library of Congress Classification     Special Collection AIU/NEGST - Tony Wilmot Memorial Library AIU/NEGST - Tony Wilmot Memorial Library Special Collection 02/18/2010 Donation- SIL 15.00 S BS 325.I43 1967 R36890N3232 09/26/2019 1 02/18/2010 Africana Collection (Special)